[Event "Poznan Chess Festival"]
[Site "chess24.com"]
[Date "2021.08.21"]
[Round "8"]
[White "Baranska, Monika"]
[Black "Rozumek, Krzysztof"]
[Result "0-1"]
[Board "12"]
[WhiteElo "1767"]
[WhiteCountry "POL"]
[WhiteFideId "1130382"]
[WhiteEloChange "-7"]
[BlackElo "1859"]
[BlackCountry "POL"]
[BlackFideId "1180215"]
[BlackEloChange "7"]

1. d4 {[%clk 1:30:57]} d5 {[%clk 1:29:59]} 2. c4 {[%clk 1:31:23]} c6 {[%clk
1:30:28]} 3. Nc3 {[%clk 1:31:04]} Nf6 {[%clk 1:30:56]} 4. cxd5 {[%clk 1:31:13]}
cxd5 {[%clk 1:31:23]} 5. Bf4 {[%clk 1:26:31]} e6 {[%clk 1:30:43]} 6. e3 {[%clk
1:26:45]} Bd6 {[%clk 1:30:03]} 7. Bb5+ {[%clk 1:22:21]} Nc6 {[%clk 1:30:31]} 8.
Bxd6 {[%clk 1:21:45]} Qxd6 {[%clk 1:30:58]} 9. Nf3 {[%clk 1:21:47]} O-O {[%clk
1:31:15]} 10. O-O {[%clk 1:21:48]} Bd7 {[%clk 1:29:08]} 11. Qe2 {[%clk 1:18:59]}
Ne7 {[%clk 1:27:23]} 12. Bd3 {[%clk 1:11:50]} Ng6 {[%clk 1:25:25]} 13. Rac1
{[%clk 1:11:22]} Rac8 {[%clk 1:24:18]} 14. h3 {[%clk 1:07:27]} Rfd8 {[%clk
1:22:31]} 15. Rc2 {[%clk 1:05:25]} Bc6 {[%clk 1:19:01]} 16. Bxg6 {[%clk 0:56:23]}
hxg6 {[%clk 1:17:21]} 17. Ne5 {[%clk 0:56:40]} Be8 {[%clk 1:15:11]} 18. Rfc1
{[%clk 0:54:58]} Rc7 {[%clk 1:12:31]} 19. Nb5 {[%clk 0:49:33]} Rxc2 {[%clk
1:12:56]} 20. Rxc2 {[%clk 0:49:58]} Qb8 {[%clk 1:05:40]} 21. Nc7 {[%clk 0:44:07]}
Rc8 {[%clk 1:00:46]} 22. Nxe8 {[%clk 0:44:28]} Nxe8 {[%clk 1:01:13]} 23. Qd2
{[%clk 0:42:58]} Nd6 {[%clk 0:57:43]} 24. Qc1 {[%clk 0:42:19]} Rxc2 {[%clk
0:52:18]} 25. Qxc2 {[%clk 0:42:47]} Qc8 {[%clk 0:50:47]} 26. Qxc8+ {[%clk
0:43:09]} Nxc8 {[%clk 0:51:15]} 27. Kf1 {[%clk 0:43:07]} g5 {[%clk 0:50:52]} 28.
Ke2 {[%clk 0:43:15]} f6 {[%clk 0:51:10]} 29. Nd3 {[%clk 0:43:14]} Kf7 {[%clk
0:51:14]} 30. f3 {[%clk 0:42:10]} Nd6 {[%clk 0:51:22]} 31. b3 {[%clk 0:41:49]}
Ke7 {[%clk 0:51:07]} 32. Kd2 {[%clk 0:41:52]} Nf5 {[%clk 0:51:15]} 33. Ne1 {[%clk
0:41:10]} Kd7 {[%clk 0:50:51]} 34. Kd3 {[%clk 0:41:06]} Kc6 {[%clk 0:47:15]} 35.
Nc2 {[%clk 0:40:14]} Kb5 {[%clk 0:46:18]} 36. a3 {[%clk 0:39:16]} a5 {[%clk
0:46:05]} 37. a4+ {[%clk 0:37:57]} Kc6 {[%clk 0:46:32]} 38. Ne1 {[%clk 0:34:07]}
b5 {[%clk 0:46:38]} 39. e4 {[%clk 0:31:08]} Ne7 {[%clk 0:42:32]} 40. axb5+ {[%clk
0:30:18]} Kxb5 {[%clk 0:42:59]} 41. Nc2 {[%clk 0:30:40]} f5 {[%clk 0:33:08]} 42.
e5 {[%clk 0:20:29]} f4 {[%clk 0:32:48]} 43. Kc3 {[%clk 0:20:23]} Nf5 {[%clk
0:32:53]} 44. Na3+ {[%clk 0:17:59]} Kb6 {[%clk 0:32:54]} 45. Nc2 {[%clk 0:18:23]}
Nh4 {[%clk 0:32:58]} 46. Ne1 {[%clk 0:18:44]} Kb5 {[%clk 0:33:21]} 47. Kb2 {[%clk
0:18:50]} Kc6 {[%clk 0:28:18]} 48. Kc3 {[%clk 0:19:03]} Kb5 {[%clk 0:27:41]} 49.
Kb2 {[%clk 0:16:39]} Kc6 {[%clk 0:18:56]} 50. Kc3 {[%clk 0:17:03]} Kd7 {[%clk
0:19:14]} 51. b4 {[%clk 0:09:14]} a4 {[%clk 0:03:56]} 52. b5 {[%clk 0:09:42]} Nf5
{[%clk 0:03:35]} 53. Nd3 {[%clk 0:07:37]} a3 {[%clk 0:03:13]} 54. Nc5+ {[%clk
0:07:01]} Kc7 {[%clk 0:02:24]} 55. Nxe6+ {[%clk 0:06:54]} Kb6 {[%clk 0:02:53]}
56. Kb3 {[%clk 0:06:21]} Kxb5 {[%clk 0:03:17]} 57. Kxa3 {[%clk 0:06:05]} Kc4
{[%clk 0:03:18]} 58. Kb2 {[%clk 0:05:17]} Kd3 {[%clk 0:03:40]} 59. Kc1 {[%clk
0:04:59]} Ke3 {[%clk 0:03:02]} 60. Kc2 {[%clk 0:04:32]} Kf2 {[%clk 0:03:00]} 61.
Kc3 {[%clk 0:04:50]} Kxg2 {[%clk 0:03:26]} 62. Nxg5 {[%clk 0:04:57]} Kg3 {[%clk
0:03:55]} 63. e6 {[%clk 0:04:14]} Kh4 {[%clk 0:03:56]} 64. Nf7 {[%clk 0:04:22]}
Kxh3 {[%clk 0:03:58]} 65. Ne5 {[%clk 0:04:31]} Kh4 {[%clk 0:03:29]} 66. Ng6+
{[%clk 0:04:28]} Kg5 {[%clk 0:03:51]} 67. e7 {[%clk 0:03:13]} Nd6 {[%clk
0:04:10]} 68. Ne5 {[%clk 0:02:31]} Kf6 {[%clk 0:04:25]} 69. Nc6 {[%clk 0:01:43]}
g5 {[%clk 0:03:36]} 70. Kd3 {[%clk 0:01:30]} Ke6 {[%clk 0:03:38]} 71. Nb4 {[%clk
0:01:25]} Ne8 {[%clk 0:04:05]} 72. Ke2 {[%clk 0:01:39]} Nf6 {[%clk 0:04:31]} 73.
Nc6 {[%clk 0:01:32]} Kd7 {[%clk 0:04:28]} 74. Ne5+ {[%clk 0:01:45]} Kxe7 {[%clk
0:04:53]} 75. Kd3 {[%clk 0:01:47]} Ne8 {[%clk 0:03:38]} 76. Ke2 {[%clk 0:01:54]}
Nd6 {[%clk 0:03:59]} 77. Kd3 {[%clk 0:01:59]} Ke6 {[%clk 0:04:13]} 78. Nc6 {[%clk
0:02:06]} Nf5 {[%clk 0:04:09]} 79. Nd8+ {[%clk 0:01:57]} Ke7 {[%clk 0:04:32]} 80.
Nc6+ {[%clk 0:02:22]} Kf6 {[%clk 0:04:38]} 81. Ne5 {[%clk 0:02:25]} Kg7 {[%clk
0:04:29]} 82. Ng4 {[%clk 0:02:38]} Kg6 {[%clk 0:04:57]} 83. Ne5+ {[%clk 0:02:10]}
Kh5 {[%clk 0:04:55]} 84. Nd7 {[%clk 0:01:58]} Kh4 {[%clk 0:04:48]} 85. Nf6 {[%clk
0:02:19]} Ne3 {[%clk 0:05:12]} 86. Ke2 {[%clk 0:02:30]} Kg3 {[%clk 0:05:38]} 87.
Nh7 {[%clk 0:02:18]} g4 {[%clk 0:05:10]} 88. Ng5 {[%clk 0:02:04]} Nc2 {[%clk
0:03:50]} 89. fxg4 {[%clk 0:01:47]} Nxd4+ {[%clk 0:04:17]} 90. Kf1 {[%clk
0:01:50]} Kxg4 {[%clk 0:04:40]} 91. Nf7 {[%clk 0:02:12]} Kg3 {[%clk 0:04:14]} 92.
Ne5 {[%clk 0:02:32]} f3 {[%clk 0:04:27]} 93. Nd3 {[%clk 0:02:31]} Nf5 {[%clk
0:03:56]} 94. Nf2 {[%clk 0:02:58]} Ne3+ {[%clk 0:03:57]} 95. Kg1 {[%clk 0:03:05]}
Ng4 {[%clk 0:04:17]} 96. Nh1+ {[%clk 0:03:06]} Kf4 {[%clk 0:04:32]} 97. Kf1
{[%clk 0:03:24]} d4 {[%clk 0:05:00]} 98. Ke1 {[%clk 0:03:30]} Ke3 {[%clk
0:05:08]} 99. Ng3 {[%clk 0:03:29]} f2+ {[%clk 0:05:21]} 100. Kf1 {[%clk 0:03:09]}
Nh2+ {[%clk 0:05:48]} 0-1

[Event "Poznan Chess Festival"]
[Site "chess24.com"]
[Date "2021.08.21"]
[Round "8"]
[White "Kostecka, Marika"]
[Black "Zgarda, Jakub"]
[Result "1/2-1/2"]
[Board "13"]
[WhiteElo "1833"]
[WhiteTitle "WCM"]
[WhiteCountry "POL"]
[WhiteFideId "1193473"]
[WhiteEloChange "-1"]
[BlackElo "1788"]
[BlackCountry "POL"]
[BlackFideId "1140280"]
[BlackEloChange "1"]

1. e4 {[%clk 1:30:59]} e5 {[%clk 1:30:34]} 2. Nf3 {[%clk 1:31:23]} Nc6 {[%clk
1:30:59]} 3. Bb5 {[%clk 1:31:49]} f5 {[%clk 1:29:00]} 4. d4 {[%clk 1:30:42]} fxe4
{[%clk 1:27:50]} 5. Nxe5 {[%clk 1:30:31]} Qf6 {[%clk 1:25:20]} 6. Bxc6 {[%clk
1:20:47]} dxc6 {[%clk 1:18:51]} 7. Qe2 {[%clk 1:19:30]} Bd6 {[%clk 1:17:37]} 8.
Qxe4 {[%clk 1:17:35]} Bf5 {[%clk 1:14:55]} 9. Qe2 {[%clk 1:16:06]} Bxe5 {[%clk
1:12:22]} 10. Qxe5+ {[%clk 1:11:32]} Qxe5+ {[%clk 1:12:37]} 11. dxe5 {[%clk
1:11:56]} Bxc2 {[%clk 1:12:46]} 12. O-O {[%clk 1:10:07]} Ne7 {[%clk 0:58:24]} 13.
Nc3 {[%clk 0:54:00]} Nd5 {[%clk 0:57:38]} 14. Nxd5 {[%clk 0:50:46]} cxd5 {[%clk
0:57:59]} 15. Be3 {[%clk 0:50:57]} Kd7 {[%clk 0:51:30]} 16. Rac1 {[%clk 0:49:40]}
Bf5 {[%clk 0:48:00]} 17. h3 {[%clk 0:47:59]} h5 {[%clk 0:45:19]} 18. Rfd1 {[%clk
0:46:07]} Be6 {[%clk 0:44:58]} 19. b4 {[%clk 0:33:46]} a5 {[%clk 0:45:22]} 20. b5
{[%clk 0:33:46]} a4 {[%clk 0:45:22]} 21. f4 {[%clk 0:34:00]} g6 {[%clk 0:45:46]}
1/2-1/2

[Event "Poznan Chess Festival"]
[Site "chess24.com"]
[Date "2021.08.21"]
[Round "8"]
[White "Sobczak, Miroslaw"]
[Black "Duszczak, Dariusz"]
[Result "1-0"]
[Board "14"]
[WhiteElo "1748"]
[WhiteCountry "POL"]
[WhiteFideId "1114182"]
[WhiteEloChange "12"]
[BlackElo "1822"]
[BlackCountry "POL"]
[BlackFideId "1126954"]
[BlackEloChange "-12"]

1. e4 {[%clk 1:30:59]} c6 {[%clk 1:30:51]} 2. d4 {[%clk 1:31:26]} d5 {[%clk
1:31:16]} 3. Nc3 {[%clk 1:31:51]} dxe4 {[%clk 1:31:39]} 4. Nxe4 {[%clk 1:32:19]}
Nf6 {[%clk 1:31:59]} 5. Nxf6+ {[%clk 1:32:43]} gxf6 {[%clk 1:32:21]} 6. c3 {[%clk
1:33:06]} Bf5 {[%clk 1:32:38]} 7. Nf3 {[%clk 1:33:32]} e6 {[%clk 1:32:51]} 8. g3
{[%clk 1:33:54]} Qd5 {[%clk 1:32:46]} 9. Bg2 {[%clk 1:34:22]} Qc4 {[%clk
1:33:07]} 10. Nh4 {[%clk 1:34:43]} Bd3 {[%clk 1:24:42]} 11. Qd2 {[%clk 1:34:18]}
Bg6 {[%clk 1:09:01]} 12. Nxg6 {[%clk 1:26:25]} hxg6 {[%clk 1:09:13]} 13. b3
{[%clk 1:26:53]} Qb5 {[%clk 1:09:16]} 14. Bb2 {[%clk 1:26:51]} Nd7 {[%clk
1:06:15]} 15. c4 {[%clk 1:07:21]} Qh5 {[%clk 1:06:08]} 16. Bc3 {[%clk 1:07:46]}
O-O-O {[%clk 1:03:05]} 17. Qe2 {[%clk 1:07:56]} Bd6 {[%clk 0:55:37]} 18. Bf3
{[%clk 1:06:04]} Qh6 {[%clk 0:52:47]} 19. Bd2 {[%clk 1:06:21]} Qg7 {[%clk
0:52:24]} 20. O-O-O {[%clk 1:06:42]} e5 {[%clk 0:45:59]} 21. Bc3 {[%clk 0:51:59]}
f5 {[%clk 0:41:39]} 22. Qc2 {[%clk 0:36:56]} e4 {[%clk 0:28:11]} 23. Be2 {[%clk
0:34:54]} Rhe8 {[%clk 0:19:47]} 24. b4 {[%clk 0:28:11]} Qh6+ {[%clk 0:17:42]} 25.
Kb2 {[%clk 0:28:23]} Nf6 {[%clk 0:15:42]} 26. d5 {[%clk 0:25:07]} Ng4 {[%clk
0:11:35]} 27. Bxg4 {[%clk 0:21:53]} fxg4 {[%clk 0:11:58]} 28. dxc6 {[%clk
0:22:18]} bxc6 {[%clk 0:07:20]} 29. Qa4 {[%clk 0:21:02]} Kb7 {[%clk 0:07:02]} 30.
b5 {[%clk 0:21:13]} Qg5 {[%clk 0:03:10]} 31. Qa6+ {[%clk 0:20:39]} Kb8 {[%clk
0:02:13]} 32. bxc6 {[%clk 0:19:20]} Qe7 {[%clk 0:02:10]} 33. Ba5 {[%clk 0:17:04]}
Be5+ {[%clk 0:01:35]} 34. Kc2 {[%clk 0:17:33]} Rc8 {[%clk 0:00:41]} 35. Rd7
{[%clk 0:17:33]} 1-0

[Event "Poznan Chess Festival"]
[Site "chess24.com"]
[Date "2021.08.21"]
[Round "8"]
[White "Szymanski, Zbigniew"]
[Black "Anand M P"]
[Result "1-0"]
[Board "15"]
[WhiteElo "1793"]
[WhiteCountry "POL"]
[WhiteFideId "1180916"]
[WhiteEloChange "2"]
[BlackElo "1392"]
[BlackCountry "IND"]
[BlackFideId "45087644"]
[BlackEloChange "-2"]

1. b3 {[%clk 1:30:30]} d5 {[%clk 1:30:30]} 2. Bb2 {[%clk 1:30:30]} Nf6 {[%clk
1:30:30]} 3. e3 {[%clk 1:30:30]} g6 {[%clk 1:30:30]} 4. c4 {[%clk 1:30:30]} Bg7
{[%clk 1:28:15]} 5. Nf3 {[%clk 1:25:21]} O-O {[%clk 1:20:44]} 6. cxd5 {[%clk
1:22:59]} Nxd5 {[%clk 1:15:50]} 7. Bxg7 {[%clk 1:20:24]} Kxg7 {[%clk 1:15:57]} 8.
Nc3 {[%clk 1:16:37]} Nb4 {[%clk 1:12:49]} 9. d4 {[%clk 1:09:28]} Bf5 {[%clk
1:03:14]} 10. Rc1 {[%clk 1:07:39]} b6 {[%clk 1:02:12]} 11. a3 {[%clk 1:04:27]}
N4a6 {[%clk 1:02:24]} 12. Bc4 {[%clk 1:00:46]} c5 {[%clk 1:01:49]} 13. Bd5 {[%clk
0:57:55]} Nd7 {[%clk 0:59:53]} 14. Bxa8 {[%clk 0:55:07]} Qxa8 {[%clk 0:59:53]}
15. h3 {[%clk 0:51:27]} g5 {[%clk 0:57:13]} 16. O-O {[%clk 0:46:18]} h6 {[%clk
0:57:13]} 17. Re1 {[%clk 0:40:50]} Nc7 {[%clk 0:54:48]} 18. e4 {[%clk 0:30:56]}
Bg6 {[%clk 0:54:40]} 19. d5 {[%clk 0:30:51]} Ne8 {[%clk 0:52:38]} 20. e5 {[%clk
0:28:22]} Qb8 {[%clk 0:51:50]} 21. Qe2 {[%clk 0:27:01]} e6 {[%clk 0:51:09]} 22.
Rcd1 {[%clk 0:23:40]} Qb7 {[%clk 0:49:06]} 23. Qc4 {[%clk 0:22:04]} Nc7 {[%clk
0:48:44]} 24. dxe6 {[%clk 0:17:49]} Nxe6 {[%clk 0:49:00]} 25. Qd5 {[%clk
0:17:26]} Qxd5 {[%clk 0:48:28]} 26. Rxd5 {[%clk 0:17:32]} Nb8 {[%clk 0:48:40]}
27. Rd6 {[%clk 0:16:25]} Rc8 {[%clk 0:46:08]} 28. Ne4 {[%clk 0:14:09]} c4 {[%clk
0:42:21]} 29. bxc4 {[%clk 0:11:12]} Rxc4 {[%clk 0:42:46]} 30. Nf6 {[%clk
0:11:18]} Nc6 {[%clk 0:41:52]} 31. Rd7 {[%clk 0:08:52]} Rc3 {[%clk 0:41:32]} 32.
Re3 {[%clk 0:08:18]} Rc1+ {[%clk 0:40:32]} 33. Kh2 {[%clk 0:08:38]} Rc2 {[%clk
0:39:21]} 34. Rd2 {[%clk 0:08:29]} Rc5 {[%clk 0:39:01]} 35. Ne8+ {[%clk 0:08:30]}
Kf8 {[%clk 0:38:51]} 36. Nd6 {[%clk 0:08:42]} Bh5 {[%clk 0:38:30]} 37. g4 {[%clk
0:08:43]} Bg6 {[%clk 0:38:51]} 38. Kg3 {[%clk 0:08:15]} Rc1 {[%clk 0:37:38]} 39.
Kh2 {[%clk 0:07:30]} Rc5 {[%clk 0:37:33]} 40. Rd1 {[%clk 0:06:23]} Rc2 {[%clk
0:37:24]} 41. Rd2 {[%clk 0:05:31]} Rc5 {[%clk 0:37:29]} 42. Nf5 {[%clk 0:02:39]}
Bxf5 {[%clk 0:37:40]} 43. gxf5 {[%clk 0:03:02]} Nf4 {[%clk 0:37:34]} 44. h4
{[%clk 0:02:48]} g4 {[%clk 0:37:31]} 45. Kg3 {[%clk 0:02:59]} Nd5 {[%clk
0:37:32]} 46. Red3 {[%clk 0:03:04]} gxf3 {[%clk 0:33:42]} 47. Rxd5 {[%clk
0:03:22]} Rc1 {[%clk 0:33:53]} 48. Kxf3 {[%clk 0:02:57]} Rc3+ {[%clk 0:34:17]}
49. Kg2 {[%clk 0:02:52]} Rxa3 {[%clk 0:33:33]} 50. Rc2 {[%clk 0:02:48]} Nb4
{[%clk 0:32:53]} 51. f6 {[%clk 0:02:38]} Kg8 {[%clk 0:32:46]} 52. Rd8+ {[%clk
0:03:03]} Kh7 {[%clk 0:33:05]} 53. Rc4 {[%clk 0:03:19]} Rd3 {[%clk 0:30:52]} 54.
Rf8 {[%clk 0:03:14]} h5 {[%clk 0:22:38]} 55. Rxf7+ {[%clk 0:03:05]} Kg6 {[%clk
0:23:01]} 56. Rg7+ {[%clk 0:03:27]} Kf5 {[%clk 0:23:25]} 57. Rg5+ {[%clk
0:03:51]} Ke6 {[%clk 0:22:40]} 58. Rxb4 {[%clk 0:04:09]} Rd7 {[%clk 0:19:30]} 59.
Rg7 {[%clk 0:04:16]} Rd5 {[%clk 0:19:13]} 60. Re7+ {[%clk 0:04:33]} 1-0

[Event "Poznan Chess Festival"]
[Site "chess24.com"]
[Date "2021.08.21"]
[Round "8"]
[White "Zimochocki, Roman"]
[Black "Szelag, Zuzanna"]
[Result "1/2-1/2"]
[Board "16"]
[WhiteElo "1491"]
[WhiteCountry "POL"]
[WhiteFideId "1131290"]
[WhiteEloChange "8"]
[BlackElo "1839"]
[BlackCountry "POL"]
[BlackFideId "1195522"]
[BlackEloChange "-8"]

1. d4 {[%clk 1:30:59]} c5 {[%clk 1:30:54]} 2. c3 {[%clk 1:31:24]} Nf6 {[%clk
1:30:06]} 3. Nf3 {[%clk 1:31:16]} g6 {[%clk 1:30:31]} 4. e3 {[%clk 1:28:41]} Bg7
{[%clk 1:28:34]} 5. Be2 {[%clk 1:27:23]} O-O {[%clk 1:28:52]} 6. Nbd2 {[%clk
1:27:38]} cxd4 {[%clk 1:28:29]} 7. exd4 {[%clk 1:27:37]} d5 {[%clk 1:27:18]} 8.
O-O {[%clk 1:25:30]} Nc6 {[%clk 1:25:46]} 9. Re1 {[%clk 1:21:25]} Bf5 {[%clk
1:25:02]} 10. Nh4 {[%clk 1:21:34]} Bd7 {[%clk 1:24:44]} 11. Nhf3 {[%clk 1:22:03]}
Rc8 {[%clk 1:23:58]} 12. Nb3 {[%clk 1:21:51]} Bg4 {[%clk 1:13:46]} 13. h3 {[%clk
1:20:56]} Bxf3 {[%clk 1:14:11]} 14. Bxf3 {[%clk 1:21:20]} Re8 {[%clk 1:11:54]}
15. Bf4 {[%clk 1:20:16]} e6 {[%clk 1:09:43]} 16. Nd2 {[%clk 1:15:39]} Nd7 {[%clk
1:04:38]} 17. Qb3 {[%clk 1:08:39]} Nb6 {[%clk 1:02:45]} 18. a4 {[%clk 1:03:41]}
Qd7 {[%clk 1:02:20]} 19. a5 {[%clk 1:03:42]} Nc4 {[%clk 1:02:37]} 20. Nxc4 {[%clk
1:04:02]} dxc4 {[%clk 1:03:04]} 21. Qa4 {[%clk 1:01:45]} Re7 {[%clk 0:53:48]} 22.
Rad1 {[%clk 1:01:28]} Ne5 {[%clk 0:49:13]} 23. Qxd7 {[%clk 1:01:31]} Nxf3+ {[%clk
0:49:37]} 24. gxf3 {[%clk 1:01:55]} Rxd7 {[%clk 0:50:05]} 25. Ra1 {[%clk
0:57:58]} Rd5 {[%clk 0:47:36]} 26. a6 {[%clk 0:57:05]} b6 {[%clk 0:46:50]} 27.
Ra4 {[%clk 0:56:09]} Rf5 {[%clk 0:44:36]} 28. Be3 {[%clk 0:50:59]} Rxf3 {[%clk
0:44:32]} 29. d5 {[%clk 0:51:27]} exd5 {[%clk 0:43:01]} 30. Bxb6 {[%clk 0:51:28]}
axb6 {[%clk 0:41:49]} 31. a7 {[%clk 0:51:51]} Ra8 {[%clk 0:42:18]} 32. Re7 {[%clk
0:52:17]} Rd3 {[%clk 0:38:14]} 33. Ra6 {[%clk 0:51:48]} Rd1+ {[%clk 0:35:29]} 34.
Kg2 {[%clk 0:51:53]} Bf6 {[%clk 0:34:50]} 35. Rb7 {[%clk 0:46:12]} Be5 {[%clk
0:34:25]} 36. Raxb6 {[%clk 0:44:53]} Kg7 {[%clk 0:33:38]} 37. Re7 {[%clk
0:45:12]} Bf6 {[%clk 0:31:50]} 38. Rd7 {[%clk 0:45:14]} Ra1 {[%clk 0:30:51]} 39.
Rbb7 {[%clk 0:45:31]} Rf8 {[%clk 0:31:03]} 40. Rxd5 {[%clk 0:45:37]} Ra6 {[%clk
0:24:37]} 41. Rc5 {[%clk 0:44:28]} Ra8 {[%clk 0:19:19]} 42. Rcc7 {[%clk 0:44:39]}
Kh6 {[%clk 0:17:59]} 43. Rxf7 {[%clk 0:44:37]} Kg5 {[%clk 0:17:01]} 44. Rxh7
{[%clk 0:44:48]} Be5 {[%clk 0:15:17]} 45. Rhe7 {[%clk 0:31:25]} Bf4 {[%clk
0:12:42]} 46. Kf3 {[%clk 0:29:22]} Rf6 {[%clk 0:11:58]} 47. Kg2 {[%clk 0:27:15]}
Bd6 {[%clk 0:12:01]} 48. Re4 {[%clk 0:21:57]} Bc5 {[%clk 0:11:04]} 49. Rg4+
{[%clk 0:21:16]} Kh6 {[%clk 0:11:23]} 50. Rh4+ {[%clk 0:21:35]} Kg5 {[%clk
0:11:49]} 51. Rg4+ {[%clk 0:22:04]} Kh6 {[%clk 0:11:57]} 1/2-1/2

[Event "Poznan Chess Festival"]
[Site "chess24.com"]
[Date "2021.08.21"]
[Round "8"]
[White "Wawrzyniak, Pawel"]
[Black "Jagodzinski, Alan"]
[Result "1/2-1/2"]
[Board "17"]
[WhiteElo "1807"]
[WhiteCountry "POL"]
[WhiteFideId "21807477"]
[WhiteEloChange "-8"]
[BlackElo "1460"]
[BlackCountry "POL"]
[BlackFideId "21899983"]
[BlackEloChange "8"]

1. d4 {[%clk 1:30:56]} Nf6 {[%clk 1:30:55]} 2. c4 {[%clk 1:31:16]} e6 {[%clk
1:31:21]} 3. Nf3 {[%clk 1:31:39]} Bb4+ {[%clk 1:31:45]} 4. Bd2 {[%clk 1:31:45]}
Be7 {[%clk 1:31:41]} 5. Nc3 {[%clk 1:31:43]} d5 {[%clk 1:31:58]} 6. Bf4 {[%clk
1:31:55]} O-O {[%clk 1:30:17]} 7. e3 {[%clk 1:32:18]} c5 {[%clk 1:29:37]} 8. dxc5
{[%clk 1:20:43]} Bxc5 {[%clk 1:24:38]} 9. cxd5 {[%clk 1:19:45]} Nxd5 {[%clk
1:21:54]} 10. Nxd5 {[%clk 1:19:57]} Qxd5 {[%clk 1:22:06]} 11. Qxd5 {[%clk
1:19:14]} exd5 {[%clk 1:22:30]} 12. Bd3 {[%clk 1:13:48]} Nc6 {[%clk 1:19:01]} 13.
O-O {[%clk 0:58:18]} h6 {[%clk 1:17:03]} 14. Rac1 {[%clk 0:58:08]} Bb6 {[%clk
1:13:40]} 15. Rfd1 {[%clk 0:38:45]} Be6 {[%clk 1:10:57]} 16. Bb1 {[%clk 0:13:04]}
Rac8 {[%clk 1:09:03]} 17. Ne5 {[%clk 0:13:10]} Rfd8 {[%clk 0:59:09]} 18. Kf1
{[%clk 0:06:09]} Kf8 {[%clk 0:55:38]} 19. Ke2 {[%clk 0:06:25]} Ke7 {[%clk
0:53:08]} 20. a3 {[%clk 0:02:37]} a6 {[%clk 0:47:16]} 21. Ba2 {[%clk 0:02:54]} d4
{[%clk 0:45:42]} 22. Nxc6+ {[%clk 0:03:00]} Rxc6 {[%clk 0:45:51]} 23. Rxc6 {[%clk
0:03:09]} bxc6 {[%clk 0:46:12]} 24. Bxe6 {[%clk 0:03:02]} Kxe6 {[%clk 0:45:23]}
25. exd4 {[%clk 0:03:19]} Rxd4 {[%clk 0:45:23]} 26. Rxd4 {[%clk 0:02:51]} Bxd4
{[%clk 0:45:12]} 27. b3 {[%clk 0:03:13]} Kd5 {[%clk 0:44:59]} 28. f3 {[%clk
0:03:34]} g5 {[%clk 0:44:15]} 29. Bd2 {[%clk 0:03:44]} f5 {[%clk 0:42:58]} 30.
Kd3 {[%clk 0:03:27]} Bf6 {[%clk 0:42:07]} 31. h3 {[%clk 0:02:22]} Bb2 {[%clk
0:38:41]} 32. a4 {[%clk 0:02:46]} c5 {[%clk 0:37:46]} 33. h4 {[%clk 0:02:14]} Bf6
{[%clk 0:35:27]} 34. Bc1 {[%clk 0:01:35]} Be7 {[%clk 0:33:21]} 35. hxg5 {[%clk
0:01:27]} hxg5 {[%clk 0:32:19]} 36. g4 {[%clk 0:01:06]} fxg4 {[%clk 0:31:28]} 37.
fxg4 {[%clk 0:01:06]} 1/2-1/2

[Event "Poznan Chess Festival"]
[Site "chess24.com"]
[Date "2021.08.21"]
[Round "8"]
[White "Trybowska, Barbara"]
[Black "Tadych, Szymon"]
[Result "1-0"]
[Board "18"]
[WhiteElo "1807"]
[WhiteCountry "POL"]
[WhiteFideId "1172956"]
[WhiteEloChange "2"]
[BlackElo "1396"]
[BlackCountry "POL"]
[BlackFideId "21820406"]
[BlackEloChange "-2"]

1. d4 {[%clk 1:30:58]} Nf6 {[%clk 1:30:52]} 2. Bf4 {[%clk 1:31:22]} g6 {[%clk
1:31:17]} 3. Nc3 {[%clk 1:31:47]} d5 {[%clk 1:30:31]} 4. e3 {[%clk 1:31:52]} c6
{[%clk 1:29:25]} 5. Be2 {[%clk 1:30:46]} Qa5 {[%clk 1:21:30]} 6. Qd2 {[%clk
1:27:08]} Bf5 {[%clk 1:16:52]} 7. h3 {[%clk 1:21:28]} h5 {[%clk 1:16:55]} 8. Bd3
{[%clk 1:19:03]} Nbd7 {[%clk 1:13:02]} 9. Nge2 {[%clk 1:14:21]} b5 {[%clk
1:08:10]} 10. a3 {[%clk 1:12:23]} e6 {[%clk 1:04:59]} 11. O-O {[%clk 1:11:00]}
Qb6 {[%clk 1:01:21]} 12. Ng3 {[%clk 1:00:19]} h4 {[%clk 0:58:18]} 13. Nxf5 {[%clk
0:56:58]} exf5 {[%clk 0:58:30]} 14. Ne2 {[%clk 0:50:16]} Be7 {[%clk 0:51:40]} 15.
f3 {[%clk 0:46:59]} Rh5 {[%clk 0:40:34]} 16. Bh2 {[%clk 0:46:07]} c5 {[%clk
0:39:43]} 17. c3 {[%clk 0:46:14]} a5 {[%clk 0:35:27]} 18. b3 {[%clk 0:35:32]} c4
{[%clk 0:20:55]} 19. Bc2 {[%clk 0:35:19]} Bd6 {[%clk 0:20:17]} 20. a4 {[%clk
0:29:56]} b4 {[%clk 0:19:56]} 21. Bxd6 {[%clk 0:23:45]} Qxd6 {[%clk 0:20:16]} 22.
bxc4 {[%clk 0:24:08]} dxc4 {[%clk 0:20:40]} 23. e4 {[%clk 0:24:18]} b3 {[%clk
0:20:17]} 24. Bb1 {[%clk 0:24:35]} O-O-O {[%clk 0:14:33]} 25. Qe3 {[%clk
0:16:06]} Re8 {[%clk 0:11:25]} 26. e5 {[%clk 0:13:11]} Nd5 {[%clk 0:11:12]} 27.
Qd2 {[%clk 0:12:50]} Qb6 {[%clk 0:10:55]} 28. Kh1 {[%clk 0:12:47]} Qe6 {[%clk
0:10:46]} 29. Be4 {[%clk 0:12:30]} N7b6 {[%clk 0:06:47]} 30. Rf2 {[%clk 0:07:35]}
g5 {[%clk 0:07:01]} 31. Bxd5 {[%clk 0:07:08]} Qxd5 {[%clk 0:07:12]} 32. Qb2
{[%clk 0:06:50]} f4 {[%clk 0:06:13]} 33. Qb1 {[%clk 0:06:45]} Qe6 {[%clk
0:05:44]} 34. Qe4 {[%clk 0:05:37]} Nd5 {[%clk 0:06:08]} 35. Nc1 {[%clk 0:05:20]}
Kc7 {[%clk 0:06:10]} 36. Rb2 {[%clk 0:04:47]} Ne3 {[%clk 0:03:32]} 37. Ne2 {[%clk
0:04:25]} Rd8 {[%clk 0:02:36]} 38. Rd2 {[%clk 0:03:33]} Rd5 {[%clk 0:02:37]} 39.
Rb1 {[%clk 0:02:58]} Rh8 {[%clk 0:02:10]} 40. Nc1 {[%clk 0:02:21]} Nf5 {[%clk
0:02:16]} 41. Kh2 {[%clk 0:02:25]} Ng3 {[%clk 0:01:55]} 42. Qe1 {[%clk 0:02:48]}
f5 {[%clk 0:01:54]} 43. Nxb3 {[%clk 0:02:30]} cxb3 {[%clk 0:02:16]} 44. Rxb3
{[%clk 0:02:56]} Rb8 {[%clk 0:02:25]} 45. Rxb8 {[%clk 0:03:02]} Kxb8 {[%clk
0:02:54]} 46. Rb2+ {[%clk 0:03:04]} Ka7 {[%clk 0:01:40]} 47. c4 {[%clk 0:03:19]}
Rd7 {[%clk 0:00:40]} 48. Qxa5+ {[%clk 0:03:44]} Qa6 {[%clk 0:01:05]} 49. Qc5+
{[%clk 0:04:09]} Ka8 {[%clk 0:01:33]} 50. Qf8+ {[%clk 0:04:29]} 1-0